[Event "32. Open Andorra Hotel St.Gothard "]
[Site "Erts-La Massana AND"]
[Date "2014.07.20"]
[Round "2.8"]
[White "Navrotescu, Andreea-Cristiana"]
[Black "Narciso Dublan, Marc"]
[Result "1/2-1/2"]
[WhiteElo "2181"]
[BlackElo "2523"]
[PlyCount "59"]
[EventDate "2014.07.19"]
[EventType "swiss"]
[EventRounds "9"]
[EventCountry "AND"]
[Source "lmi"]
[SourceDate "2014.07.19"]

1. c4 e5 2. g3 Nf6 3. Bg2 h6 4. Nc3 Bb4 5. Nf3 Bxc3 6. dxc3 d6 7. O-O Nc6 8. e4
Be6 9. Qd3 Nd7 10. Be3 Nc5 11. Bxc5 dxc5 12. Qe2 Bg4 13. Qe3 Bxf3 14. Bxf3 Qe7
15. Rad1 O-O 16. Rd5 b6 17. Rfd1 Rfd8 18. Qd3 Qf6 19. Rd2 Rxd5 20. cxd5 Na5 21.
b4 Nb7 22. Qa6 Qxf3 23. Qxb7 Rf8 24. Qxc7 Qxe4 25. Kf1 Qc4+ 26. Ke1 Qe4+ 27.
Kd1 Qb1+ 28. Ke2 Qe4+ 29. Kd1 Qb1+ 30. Ke2 1/2-1/2

[Event "32. Open Andorra Hotel St.Gothard "]
[Site "Erts-La Massana AND"]
[Date "2014.07.20"]
[Round "2.9"]
[White "Comas Fabrego, Lluis"]
[Black "Archangelsky, Mikhail"]
[Result "1/2-1/2"]
[WhiteElo "2512"]
[BlackElo "2177"]
[PlyCount "51"]
[EventDate "2014.07.19"]
[EventType "swiss"]
[EventRounds "9"]
[EventCountry "AND"]
[Source "lmi"]
[SourceDate "2014.07.19"]

1. e4 e6 2. d4 d5 3. Nc3 Nf6 4. e5 Nfd7 5. Nce2 c5 6. c3 Nc6 7. f4 Be7 8. Nf3
O-O 9. a3 a5 10. Ng3 f5 11. Bd3 Nb6 12. O-O cxd4 13. cxd4 Bd7 14. Kh1 a4 15.
Rg1 Na5 16. Ne2 Nb3 17. Rb1 Rc8 18. Be3 Nc4 19. Bf2 Be8 20. h3 Bh5 21. g4 Bg6
22. gxf5 Bxf5 23. Bxf5 Rxf5 24. Rg4 Qf8 25. Qd3 g6 26. Kg2 1/2-1/2

[Event "32. Open Andorra Hotel St.Gothard "]
[Site "Erts-La Massana AND"]
[Date "2014.07.20"]
[Round "2.10"]
[White "Franco Valencia, Beatriz Irene"]
[Black "Almeida Quintana, Omar"]
[Result "1/2-1/2"]
[WhiteElo "2175"]
[BlackElo "2492"]
[PlyCount "53"]
[EventDate "2014.07.19"]
[EventType "swiss"]
[EventRounds "9"]
[EventCountry "AND"]
[Source "lmi"]
[SourceDate "2014.07.19"]

1. d4 d6 2. c4 e5 3. dxe5 dxe5 4. Qxd8+ Kxd8 5. Nc3 Be6 6. b3 Nd7 7. Bb2 c6 8.
O-O-O Kc7 9. Nf3 f6 10. e3 Ne7 11. Be2 Nc8 12. Kb1 Ncb6 13. Rc1 a5 14. Rhd1 Nc5
15. Nd2 Bf5+ 16. e4 Bg6 17. h4 h5 18. f3 Nbd7 19. Nf1 Ne6 20. Ne3 Bf7 21. Na4
b6 22. Rxd7+ Kxd7 23. Nxb6+ Kc7 24. Nxa8+ Kb7 25. Rd1 Kxa8 26. Nf5 Bg6 27. a3
1/2-1/2

[Event "32. Open Andorra Hotel St.Gothard "]
[Site "Erts-La Massana AND"]
[Date "2014.07.20"]
[Round "2.11"]
[White "Demuth, Adrien"]
[Black "Sorroche Martin, Jose Maria"]
[Result "1-0"]
[WhiteElo "2488"]
[BlackElo "2170"]
[PlyCount "53"]
[EventDate "2014.07.19"]
[EventType "swiss"]
[EventRounds "9"]
[EventCountry "AND"]
[Source "lmi"]
[SourceDate "2014.07.19"]

1. Nf3 e6 2. g3 f5 3. Bg2 Nf6 4. O-O Be7 5. d3 O-O 6. Nbd2 d6 7. e4 fxe4 8.
dxe4 e5 9. c3 Qe8 10. Ng5 Nc6 11. f4 h6 12. Nh3 Qh5 13. Qxh5 Nxh5 14. f5 g5 15.
Nf2 Nf6 16. g4 Rd8 17. Nf3 d5 18. exd5 Nxd5 19. Rd1 Nf4 20. Be3 Nxg2 21. Kxg2
b6 22. h4 Bb7 23. hxg5 hxg5 24. Kg3 Na5 25. Bxg5 Bxg5 26. Nxg5 Nc4 27. b3 1-0

[Event "32. Open Andorra Hotel St.Gothard "]
[Site "Erts-La Massana AND"]
[Date "2014.07.20"]
[Round "2.12"]
[White "Castrillon Gomez, Melissa"]
[Black "Riff, Jean-Noel"]
[Result "0-1"]
[WhiteElo "2169"]
[BlackElo "2482"]
[PlyCount "75"]
[EventDate "2014.07.19"]
[EventType "swiss"]
[EventRounds "9"]
[EventCountry "AND"]
[Source "lmi"]
[SourceDate "2014.07.19"]

1. e4 c5 2. Nf3 d6 3. d4 cxd4 4. Nxd4 Nf6 5. Nc3 e6 6. f4 Be7 7. Be3 O-O 8. Qf3
e5 9. Nf5 Bxf5 10. exf5 Nbd7 11. O-O-O Rc8 12. g4 Rxc3 13. bxc3 Qa5 14. g5 e4
15. Qh3 Nd5 16. Rxd5 Qxd5 17. f6 Nxf6 18. gxf6 Bxf6 19. c4 Qa5 20. Bg2 d5 21.
cxd5 Qxd5 22. Rd1 Qxa2 23. Bxe4 Qa3+ 24. Kd2 Qb4+ 25. Kd3 Rd8+ 26. Ke2 Qxe4 27.
Rxd8+ Bxd8 28. Qc8 Qe7 29. Kf3 Qc7 30. Qxc7 Bxc7 31. Bxa7 f5 32. c4 Kf7 33. Be3
Ke6 34. Ke2 Kd6 35. Kd2 Kd7 36. Kd3 Kc6 37. Bc1 h6 38. h3 0-1

[Event "32. Open Andorra Hotel St.Gothard "]
[Site "Erts-La Massana AND"]
[Date "2014.07.20"]
[Round "2.13"]
[White "Mikkelsen, Nikolaj"]
[Black "Midonet, Matthieu"]
[Result "1-0"]
[WhiteElo "2443"]
[BlackElo "2161"]
[PlyCount "73"]
[EventDate "2014.07.19"]
[EventType "swiss"]
[EventRounds "9"]
[EventCountry "AND"]
[Source "lmi"]
[SourceDate "2014.07.19"]

1. e4 c5 2. Nf3 Nc6 3. Bb5 e6 4. O-O Nge7 5. c3 a6 6. Ba4 b5 7. Bc2 Bb7 8. Re1
Rc8 9. a4 b4 10. d4 cxd4 11. cxd4 d5 12. Nbd2 Qc7 13. Nb3 Na5 14. Nc5 dxe4 15.
Ng5 Nd5 16. Nxb7 Nxb7 17. Bxe4 Nf6 18. Bd3 Qd6 19. Qf3 Nd8 20. Bf4 Qc6 21. d5
Qxd5 22. Bxa6 Rc5 23. Bb5+ Rxb5 24. axb5 Qxb5 25. Ra7 Be7 26. Ne4 Nxe4 27. Qxe4
Bc5 28. Rc7 Bb6 29. Rc4 O-O 30. Rxb4 Qa6 31. Qe2 Qa7 32. Bd6 Bc5 33. Bxf8 Kxf8
34. Rc4 Nc6 35. Rec1 Nd4 36. Qe5 Bb6 37. Qd6+ 1-0

[Event "32. Open Andorra Hotel St.Gothard "]
[Site "Erts-La Massana AND"]
[Date "2014.07.20"]
[Round "2.14"]
[White "Kvisla, Johannes Luangtep"]
[Black "Zumsande, Martin"]
[Result "0-1"]
[WhiteElo "2158"]
[BlackElo "2430"]
[PlyCount "108"]
[EventDate "2014.07.19"]
[EventType "swiss"]
[EventRounds "9"]
[EventCountry "AND"]
[Source "lmi"]
[SourceDate "2014.07.19"]

1. d4 d5 2. c4 e6 3. Nf3 Nf6 4. g3 Bb4+ 5. Bd2 a5 6. Bg2 dxc4 7. Qc2 Bxd2+ 8.
Nbxd2 b5 9. O-O O-O 10. a4 c6 11. Ne4 Nd5 12. Neg5 g6 13. h4 f6 14. Ne4 Qe7 15.
Qd2 b4 16. Qc1 Ba6 17. Nc5 c3 18. Nxa6 Nxa6 19. e4 cxb2 20. Qxb2 Nc3 21. Rfe1
Rad8 22. Qb3 Kg7 23. Qc4 Nb8 24. Bh3 Rfe8 25. g4 h6 26. Re3 c5 27. dxc5 Nc6 28.
e5 Nxe5 29. Nxe5 fxe5 30. Rxe5 Qxh4 31. Bg2 Rd2 32. Rf1 Qf6 33. Re3 Rd4 34. Qa6
Rxg4 35. Rg3 Rxg3 36. fxg3 Qd4+ 37. Kh2 Qxc5 38. Qb7+ Re7 39. Qa8 Rd7 40. Qe8
Qe7 41. Qa8 Qd8 42. Qa6 Re7 43. Qc4 e5 44. Qa6 Rf7 45. Rxf7+ Kxf7 46. Qa7+ Qe7
47. Qxa5 e4 48. Qa6 e3 49. Qc4+ Kg7 50. Qd4+ Kh7 51. a5 e2 52. a6 e1=Q 53. a7
Nb5 54. a8=Q Nxd4 0-1

[Event "32. Open Andorra Hotel St.Gothard "]
[Site "Erts-La Massana AND"]
[Date "2014.07.20"]
[Round "2.15"]
[White "Kantsler, Boris"]
[Black "Amores Gago, Javier"]
[Result "1-0"]
[WhiteElo "2429"]
[BlackElo "2155"]
[PlyCount "45"]
[EventDate "2014.07.19"]
[EventType "swiss"]
[EventRounds "9"]
[EventCountry "AND"]
[Source "lmi"]
[SourceDate "2014.07.19"]

1. b3 e5 2. Bb2 d6 3. c4 f5 4. d4 e4 5. e3 Nf6 6. Nc3 g6 7. h4 Bh6 8. Nh3 O-O
9. Be2 c6 10. d5 c5 11. Ng5 Bxg5 12. hxg5 Ne8 13. g4 Qxg5 14. Qc2 Qe7 15. O-O-O
fxg4 16. Nxe4 Nd7 17. Bxg4 Ne5 18. Bxc8 Rxc8 19. Rdg1 Rf5 20. f4 Nf7 21. Kb1
Nd8 22. Ng5 Rf7 23. Qxg6+ 1-0

[Event "32. Open Andorra Hotel St.Gothard "]
[Site "Erts-La Massana AND"]
[Date "2014.07.20"]
[Round "2.16"]
[White "Sanchez Dengra, Jose Maria"]
[Black "Sjodahl, Pontus"]
[Result "0-1"]
[WhiteElo "2140"]
[BlackElo "2423"]
[PlyCount "82"]
[EventDate "2014.07.19"]
[EventType "swiss"]
[EventRounds "9"]
[EventCountry "AND"]
[Source "lmi"]
[SourceDate "2014.07.19"]

1. e4 e6 2. d4 d5 3. Nd2 c5 4. Ngf3 Nf6 5. e5 Nfd7 6. c3 Nc6 7. Bd3 Qb6 8. a4
cxd4 9. a5 Nxa5 10. cxd4 Nc6 11. O-O Nxd4 12. Nxd4 Qxd4 13. Nf3 Qb6 14. Qa4 Qb4
15. Qc2 Nc5 16. Bxh7 Bd7 17. Bd2 Qc4 18. Be3 a6 19. Nd4 Rc8 20. Qb1 Nb3 21. Bd3
Qb4 22. Nc2 Qh4 23. h3 Nxa1 24. Qxa1 Qa4 25. Qb1 Bb5 26. Nd4 Bxd3 27. Qxd3 Qc4
28. Qb1 Qb4 29. Rd1 Be7 30. Nf3 Bc5 31. Rc1 Rc6 32. Bg5 Qe4 33. Qa1 Qe2 34. Qa5
Qxf2+ 35. Kh2 f6 36. Bf4 O-O 37. Bg3 Qxb2 38. Rxc5 b6 39. Qxa6 Rxc5 40. exf6
Qxf6 41. Bd6 Rc2 0-1

[Event "32. Open Andorra Hotel St.Gothard "]
[Site "Erts-La Massana AND"]
[Date "2014.07.20"]
[Round "2.17"]
[White "Rios, Cristhian Camilo"]
[Black "Grollemund, Bertrand"]
[Result "1-0"]
[WhiteElo "2421"]
[BlackElo "2138"]
[PlyCount "75"]
[EventDate "2014.07.19"]
[EventType "swiss"]
[EventRounds "9"]
[EventCountry "AND"]
[Source "lmi"]
[SourceDate "2014.07.19"]

1. d4 Nf6 2. c4 g6 3. Nc3 d5 4. Bf4 Bg7 5. e3 O-O 6. Rc1 c6 7. Nf3 Nbd7 8. cxd5
cxd5 9. Qb3 Qb6 10. Qa3 Nb8 11. Na4 Qd8 12. Bc7 Qe8 13. Nb6 axb6 14. Qxa8 Na6
15. Bxa6 Qa4 16. Bxb7 Qb4+ 17. Nd2 Qxb2 18. O-O Be6 19. Qa4 Qxd2 20. Bxb6 Qe2
21. Ba6 Qh5 22. Bc7 Ne4 23. Qb4 Bf6 24. f3 Ng5 25. Be2 Bd7 26. a4 Ne6 27. Bg3
Qg5 28. f4 Qf5 29. a5 Qe4 30. Qd2 Ng7 31. a6 Nf5 32. Bf2 Bh4 33. Bd3 Bxf2+ 34.
Kxf2 Qe6 35. Bxf5 gxf5 36. a7 Qb6 37. Ra1 Ra8 38. Rfb1 1-0

[Event "32. Open Andorra Hotel St.Gothard "]
[Site "Erts-La Massana AND"]
[Date "2014.07.20"]
[Round "2.18"]
[White "Barbot, Pierre"]
[Black "Gozzoli, Cyrille"]
[Result "1-0"]
[WhiteElo "2411"]
[BlackElo "2116"]
[PlyCount "83"]
[EventDate "2014.07.19"]
[EventType "swiss"]
[EventRounds "9"]
[EventCountry "AND"]
[Source "lmi"]
[SourceDate "2014.07.19"]

1. e4 d5 2. exd5 Qxd5 3. Nf3 Nf6 4. d4 Bf5 5. Be2 e6 6. O-O Be7 7. c4 Qa5 8.
Nc3 c6 9. Bf4 Nbd7 10. a3 O-O 11. b4 Qd8 12. h3 Ne4 13. Nxe4 Bxe4 14. Qb3 Bf6
15. Rad1 Re8 16. Qe3 Bg6 17. Ne5 Nb6 18. Qb3 Qe7 19. Bf3 Rad8 20. a4 a6 21.
Rfe1 Bxe5 22. Bxe5 f6 23. Bg3 Bf7 24. a5 Nc8 25. b5 axb5 26. cxb5 e5 27. Qb1
cxb5 28. dxe5 Rxd1 29. Rxd1 fxe5 30. Qxb5 Nd6 31. Qa4 Nf5 32. Rd7 Qc5 33. Bd5
Rf8 34. Bxf7+ Rxf7 35. Rd8+ Rf8 36. Qb3+ Kh8 37. Rxf8+ Qxf8 38. Qxb7 Nxg3 39.
fxg3 Qc5+ 40. Kh2 h5 41. Qb6 Qc1 42. a6 1-0

[Event "32. Open Andorra Hotel St.Gothard "]
[Site "Erts-La Massana AND"]
[Date "2014.07.20"]
[Round "2.19"]
[White "Sorokina, Tamara"]
[Black "Jolly, Jean-Francois"]
[Result "0-1"]
[WhiteElo "2114"]
[BlackElo "2376"]
[PlyCount "92"]
[EventDate "2014.07.19"]
[EventType "swiss"]
[EventRounds "9"]
[EventCountry "AND"]
[Source "lmi"]
[SourceDate "2014.07.19"]

1. Nf3 d5 2. c4 d4 3. g3 g6 4. e3 Nc6 5. Bg2 Bg7 6. O-O e5 7. exd4 Nxd4 8. Nxd4
Qxd4 9. Na3 Ne7 10. d3 O-O 11. Nb5 Qd8 12. Qe2 c6 13. Nc3 Nf5 14. Be3 Nd4 15.
Qd2 Bg4 16. f3 Be6 17. Rad1 h5 18. Rfe1 h4 19. Qf2 Nf5 20. Bc1 hxg3 21. hxg3
Qa5 22. g4 Nd4 23. a3 Rae8 24. b4 Qd8 25. Be3 f5 26. g5 Bc8 27. Kf1 Ne6 28.
Bxa7 Qxg5 29. Be3 Qh5 30. Ne2 g5 31. b5 f4 32. Bb6 c5 33. Bxc5 Nxc5 34. Qxc5 g4
35. Ng1 g3 36. d4 Rf7 37. dxe5 Be6 38. Re4 Rc8 39. Qb4 Bf8 40. Qa4 Bc5 41. Ne2
Bh3 42. e6 Bxg2+ 43. Ke1 Rg7 44. Rd5 Bf2+ 45. Kd2 Be3+ 46. Kc2 Qxd5 0-1

[Event "32. Open Andorra Hotel St.Gothard "]
[Site "Erts-La Massana AND"]
[Date "2014.07.20"]
[Round "2.20"]
[White "Jerez Perez, Alfonso"]
[Black "Verneuil, Pascal"]
[Result "1-0"]
[WhiteElo "2374"]
[BlackElo "2112"]
[PlyCount "161"]
[EventDate "2014.07.19"]
[EventType "swiss"]
[EventRounds "9"]
[EventCountry "AND"]
[Source "lmi"]
[SourceDate "2014.07.19"]

1. e4 c5 2. Nf3 Nc6 3. c3 d5 4. exd5 Qxd5 5. d4 Bf5 6. Be3 Nf6 7. Qb3 Qxb3 8.
axb3 cxd4 9. Nxd4 Nxd4 10. Bxd4 Nd7 11. Nd2 a6 12. b4 e5 13. Be3 Be7 14. Be2
O-O 15. O-O Rac8 16. Rfd1 Be6 17. Ne4 f5 18. Ng5 Bxg5 19. Bxg5 Rfe8 20. f3 h6
21. Be3 Nf6 22. Ra5 Bb3 23. Rd6 f4 24. Bc1 Kf7 25. b5 Rc5 26. Ra3 Bc4 27. Bxc4+
Rxc4 28. bxa6 bxa6 29. Raxa6 e4 30. Kf2 exf3 31. gxf3 Re5 32. Rd4 Rxd4 33. cxd4
Rb5 34. Rc6 g5 35. Ke2 Rb3 36. Rc3 Rb7 37. Kd3 Re7 38. Bd2 Nd5 39. Rc5 Ne3 40.
Rc1 Nf5 41. b4 Rd7 42. Bc3 Nh4 43. Rf1 Re7 44. Bd2 Ra7 45. b5 Ke6 46. Re1+ Kf6
47. d5 Nxf3 48. Bc3+ Kf5 49. Re2 g4 50. d6 g3 51. hxg3 fxg3 52. Bb4 Ne5+ 53.
Kd4 Nd7 54. Be1 Ra3 55. Rg2 Ra4+ 56. Kd5 Nf6+ 57. Kc6 Rc4+ 58. Kb7 Ke6 59. Bxg3
Rb4 60. Ka6 Ra4+ 61. Kb7 Rb4 62. b6 Nd5 63. Bf2 Kxd6 64. Rg6+ Ke5 65. Rxh6 Nxb6
66. Bxb6 Rb3 67. Kc6 Kf5 68. Kd5 Rd3+ 69. Bd4 Kg5 70. Rh8 Kg6 71. Ke4 Rd1 72.
Rg8+ Kf7 73. Rg5 Rf1 74. Be5 Rd1 75. Rg7+ Ke6 76. Rg6+ Ke7 77. Kf5 Kd7 78. Rb6
Rd2 79. Rb7+ Kc6 80. Rc7+ Kb5 81. Rc1 1-0

[Event "32. Open Andorra Hotel St.Gothard "]
[Site "Erts-La Massana AND"]
[Date "2014.07.21"]
[Round "3.1"]
[White "Granda Zuniga, Julio E"]
[Black "Jerez Perez, Alfonso"]
[Result "1-0"]
[WhiteElo "2674"]
[BlackElo "2374"]
[PlyCount "81"]
[EventDate "2014.07.19"]
[EventType "swiss"]
[EventRounds "9"]
[EventCountry "AND"]
[Source "lmi"]
[SourceDate "2014.07.19"]

1. g3 g6 2. Bg2 Bg7 3. e4 e5 4. Ne2 Nc6 5. c3 Nge7 6. d4 exd4 7. cxd4 d5 8. e5
O-O 9. Nbc3 Be6 10. O-O Qd7 11. Nf4 Rad8 12. Re1 b6 13. b3 a5 14. Bb2 Rfe8 15.
Nxe6 fxe6 16. Qd2 Nf5 17. Ne2 Rf8 18. Rac1 Nce7 19. f4 Rc8 20. Ba3 Rf7 21. Rc3
Nc6 22. g4 Nfe7 23. Rf3 Kh8 24. Ref1 Na7 25. Bxe7 Qxe7 26. f5 gxf5 27. gxf5
Rxf5 28. Rxf5 exf5 29. Ng3 Rf8 30. Nxf5 Qe6 31. Qg5 Qg6 32. h4 c6 33. a4 Nc8
34. Bh3 Qxg5+ 35. hxg5 Rd8 36. Rc1 Na7 37. e6 Re8 38. e7 Bxd4+ 39. Nxd4 Rxe7
40. Rf1 Kg8 41. Be6+ 1-0

[Event "32. Open Andorra Hotel St.Gothard "]
[Site "Erts-La Massana AND"]
[Date "2014.07.21"]
[Round "3.2"]
[White "Vovk, Andrey"]
[Black "Arngrimsson, Dagur"]
[Result "1-0"]
[WhiteElo "2616"]
[BlackElo "2366"]
[PlyCount "43"]
[EventDate "2014.07.19"]
[EventType "swiss"]
[EventRounds "9"]
[EventCountry "AND"]
[Source "lmi"]
[SourceDate "2014.07.19"]

1. e4 e5 2. Nf3 Nc6 3. Bb5 a6 4. Ba4 Nf6 5. O-O Be7 6. Re1 b5 7. Bb3 d6 8. c3
O-O 9. h3 Na5 10. Bc2 c5 11. d3 Qc7 12. Nbd2 Nc6 13. Nf1 Re8 14. Ng3 d5 15. d4
exd4 16. exd5 Nxd5 17. Ng5 Nf6 18. Nh5 Bb7 19. Bf4 Qd7 20. Nxf6+ Bxf6 21. Bxh7+
Kf8 22. Qh5 1-0

[Event "32. Open Andorra Hotel St.Gothard "]
[Site "Erts-La Massana AND"]
[Date "2014.07.21"]
[Round "3.3"]
[White "Jolly, Jean-Francois"]
[Black "Arizmendi Martinez, Julen Luis"]
[Result "1/2-1/2"]
[WhiteElo "2376"]
[BlackElo "2553"]
[PlyCount "99"]
[EventDate "2014.07.19"]
[EventType "swiss"]
[EventRounds "9"]
[EventCountry "AND"]
[Source "lmi"]
[SourceDate "2014.07.19"]

1. e4 e6 2. d4 d5 3. Nd2 c5 4. Ngf3 cxd4 5. exd5 Qxd5 6. Bc4 Qd6 7. O-O Nf6 8.
Nb3 Nc6 9. Nbxd4 Nxd4 10. Nxd4 a6 11. c3 Qc7 12. Bb3 Bd6 13. h3 O-O 14. Qf3 b5
15. Qxa8 Bb7 16. Qa7 Ra8 17. Nxb5 Bh2+ 18. Kh1 Qc6 19. Qxb7 Qxb7 20. Kxh2 Qxb5
21. Re1 a5 22. Bc2 Rd8 23. Rb1 Nd5 24. Kg1 h6 25. Re4 Rc8 26. Rd4 Nb4 27. Be4
Nxa2 28. Be3 a4 29. Bc2 a3 30. bxa3 Qa6 31. Rb3 g6 32. Bd2 Qe2 33. c4 e5 34.
Rd7 Qxc4 35. Bd1 Rc7 36. Rb8+ Kg7 37. Bb3 Qc6 38. Rdd8 Nc3 39. Rg8+ Kf6 40.
Bxh6 Ne2+ 41. Kh2 Nf4 42. f3 Ne6 43. Be3 Qc3 44. Bh6 Nd4 45. Rb6+ Rc6 46. Bg7+
Ke7 47. Bf8+ Kf6 48. Bg7+ Ke7 49. Bf8+ Kf6 50. Bg7+ 1/2-1/2

[Event "32. Open Andorra Hotel St.Gothard "]
[Site "Erts-La Massana AND"]
[Date "2014.07.21"]
[Round "3.4"]
[White "Kogan, Artur"]
[Black "Nilsen, Joachim Birger"]
[Result "1/2-1/2"]
[WhiteElo "2548"]
[BlackElo "2346"]
[PlyCount "107"]
[EventDate "2014.07.19"]
[EventType "swiss"]
[EventRounds "9"]
[EventCountry "AND"]
[Source "lmi"]
[SourceDate "2014.07.19"]

1. e4 e5 2. Nf3 Nc6 3. Bb5 Nf6 4. d3 Bc5 5. c3 d6 6. Nbd2 O-O 7. h3 a6 8. Bxc6
bxc6 9. O-O h6 10. d4 exd4 11. cxd4 Bb6 12. Qc2 c5 13. d5 Re8 14. b3 Qe7 15.
Re1 Bd7 16. Bb2 Nh7 17. e5 Ng5 18. Qc3 Nxf3+ 19. Nxf3 Qf8 20. Rad1 Rad8 21. Qc4
dxe5 22. Nxe5 Bb5 23. Qg4 f6 24. Ng6 Qf7 25. Nf4 Ba5 26. Re6 Bd7 27. Rxe8+ Rxe8
28. Qf3 Bf5 29. Ba3 Qe7 30. Rc1 Qe4 31. Qxe4 Rxe4 32. Nh5 Rd4 33. Ng3 Bg6 34.
Ne2 Rd2 35. Nf4 Rxa2 36. Nxg6 Rxa3 37. Rxc5 Bb6 38. Rc3 a5 39. Rf3 Bc5 40. Nh4
Ra1+ 41. Kh2 Rd1 42. Nf5 Rxd5 43. g4 Kh7 44. Kg2 g6 45. Ne3 Bxe3 46. Rxe3 Rb5
47. Re7+ Kg8 48. Rxc7 Rxb3 49. Ra7 Ra3 50. h4 a4 51. f3 Ra1 52. Kg3 Rg1+ 53.
Kf4 Rh1 54. Ke4 1/2-1/2

[Event "32. Open Andorra Hotel St.Gothard "]
[Site "Erts-La Massana AND"]
[Date "2014.07.21"]
[Round "3.5"]
[White "Gretarsson, Hjorvar Steinn"]
[Black "Laclau, Daniel"]
[Result "1-0"]
[WhiteElo "2535"]
[BlackElo "2326"]
[PlyCount "95"]
[EventDate "2014.07.19"]
[EventType "swiss"]
[EventRounds "9"]
[EventCountry "AND"]
[Source "lmi"]
[SourceDate "2014.07.19"]

1. d4 Nf6 2. Bg5 d5 3. Nd2 c6 4. c3 Bf5 5. e3 Nbd7 6. Ngf3 h6 7. Bh4 e6 8. Be2
Qb6 9. Qb3 g5 10. Bg3 Nh5 11. Be5 Rg8 12. h3 Nxe5 13. Nxe5 Nf6 14. g4 Bh7 15.
Qxb6 axb6 16. h4 Bd6 17. hxg5 hxg5 18. f3 Ke7 19. Kf2 Rg7 20. Nd3 Nd7 21. e4 f6
22. a3 Rf8 23. Rae1 Kd8 24. Rh6 Bg6 25. Reh1 Ke7 26. Re1 Kd8 27. Bf1 e5 28.
exd5 cxd5 29. Nb4 exd4 30. cxd4 Bf4 31. Nb3 Bf7 32. Bd3 Re8 33. Rxe8+ Kxe8 34.
Bf5 Ke7 35. Bxd7 Kxd7 36. Nd3 Ke7 37. Nxf4 gxf4 38. Rh8 f5 39. gxf5 Kf6 40. Nc1
Kxf5 41. Nd3 Be6 42. Rh5+ Rg5 43. Rh4 Rg8 44. Rh6 Rc8 45. Rh5+ Kf6 46. Nxf4 Bf7
47. Rh2 Rc2+ 48. Kg3 1-0

[Event "32. Open Andorra Hotel St.Gothard "]
[Site "Erts-La Massana AND"]
[Date "2014.07.21"]
[Round "3.6"]
[White "Garcia Blanco, Omar"]
[Black "Gozzoli, Yannick"]
[Result "0-1"]
[WhiteElo "2272"]
[BlackElo "2529"]
[PlyCount "150"]
[EventDate "2014.07.19"]
[EventType "swiss"]
[EventRounds "9"]
[EventCountry "AND"]
[Source "lmi"]
[SourceDate "2014.07.19"]

1. e4 g6 2. d4 Bg7 3. Nc3 d6 4. Be3 a6 5. Qd2 Nd7 6. h4 h6 7. O-O-O b5 8. f3
Bb7 9. g4 Rc8 10. d5 c5 11. dxc6 Bxc6 12. Bd4 Bxd4 13. Qxd4 Ngf6 14. Nh3 Qb6
15. Ne2 Qxd4 16. Nxd4 Bb7 17. Be2 Nc5 18. Nf2 e5 19. Nb3 Nxb3+ 20. axb3 Ke7 21.
Kb1 Nd7 22. h5 Nf6 23. hxg6 fxg6 24. c4 bxc4 25. bxc4 h5 26. g5 Nh7 27. Nd3
Nxg5 28. c5 Ne6 29. cxd6+ Kf6 30. Nb4 a5 31. Nd5+ Bxd5 32. Rxd5 Nf4 33. Rd2
Nxe2 34. Rxe2 Rhd8 35. Rd2 Rd7 36. Rg1 Rcd8 37. Rdg2 Rg8 38. Rd2 g5 39. Ka2 Ke6
40. Rd5 Rxd6 41. Rxa5 g4 42. fxg4 hxg4 43. Rh1 Rg6 44. Rh5 g3 45. Rhxe5+ Kf6
46. Rf5+ Kg7 47. Rf1 g2 48. Rg1 Rd2 49. Ka3 Rg3+ 50. b3 Kg6 51. Re5 Rh3 52. Rd5
Re2 53. Rd8 Kf7 54. Rdd1 Ke6 55. Ka4 Ra2+ 56. Kb4 Ke5 57. Rde1 Rf3 58. Kc4 Rc2+
59. Kb4 Rb2 60. Ka4 Ra2+ 61. Kb4 Raf2 62. Rc1 Kxe4 63. Rc4+ Kf5 64. Rc5+ Kf4
65. Rc8 Kg3 66. Rh8 Rb2 67. Rg8+ Kh2 68. R1xg2+ Rxg2 69. Rxg2+ Kxg2 70. Kc4 Kg3
71. b4 Kf4 72. Kd5 Rb3 73. Kc4 Rb1 74. b5 Ke5 75. Kc5 Rc1+ 0-1

[Event "32. Open Andorra Hotel St.Gothard "]
[Site "Erts-La Massana AND"]
[Date "2014.07.21"]
[Round "3.7"]
[White "Forsa, Espen"]
[Black "Demuth, Adrien"]
[Result "0-1"]
[WhiteElo "2256"]
[BlackElo "2488"]
[PlyCount "44"]
[EventDate "2014.07.19"]
[EventType "swiss"]
[EventRounds "9"]
[EventCountry "AND"]
[Source "lmi"]
[SourceDate "2014.07.19"]

1. c4 e5 2. g3 Nf6 3. Bg2 c6 4. d4 e4 5. Nc3 d5 6. f3 Bb4 7. Bg5 O-O 8. fxe4
dxe4 9. Nh3 h6 10. Bxf6 Qxf6 11. Nf2 e3 12. Nfe4 Qe6 13. Qb3 Na6 14. a3 Ba5 15.
Qa4 Bb6 16. c5 Bc7 17. d5 cxd5 18. Nxd5 Be5 19. O-O Bd7 20. Qc4 Bc6 21. Nec3
Bxc3 22. bxc3 Nc7 0-1

[Event "32. Open Andorra Hotel St.Gothard "]
[Site "Erts-La Massana AND"]
[Date "2014.07.21"]
[Round "3.8"]
[White "Riff, Jean-Noel"]
[Black "Trigo Urquijo, Sergio"]
[Result "1-0"]
[WhiteElo "2482"]
[BlackElo "2245"]
[PlyCount "81"]
[EventDate "2014.07.19"]
[EventType "swiss"]
[EventRounds "9"]
[EventCountry "AND"]
[Source "lmi"]
[SourceDate "2014.07.19"]

1. e4 e5 2. Nf3 Nc6 3. Bb5 a6 4. Ba4 Nf6 5. O-O Be7 6. Re1 b5 7. Bb3 d6 8. c3
O-O 9. h3 Nb8 10. d4 Nbd7 11. Nbd2 Bb7 12. Bc2 Re8 13. a4 c5 14. b3 Bf8 15. Bb2
cxd4 16. cxd4 exd4 17. Bxd4 Nc5 18. Qb1 g6 19. Nh2 bxa4 20. b4 Nb3 21. Nxb3
axb3 22. Bxb3 Rxe4 23. Qb2 Nh5 24. Bxf7+ Kxf7 25. Qb3+ Ke8 26. Rxe4+ Bxe4 27.
Re1 d5 28. f3 Ng3 29. fxe4 Nxe4 30. Ng4 Be7 31. Ne5 Qd6 32. Rxe4 dxe4 33. Qg8+
Bf8 34. Bc5 Qxe5 35. Qxf8+ Kd7 36. Qxa8 Qa1+ 37. Kh2 Qe5+ 38. Kh1 Qe6 39. Qb7+
Ke8 40. Qxh7 e3 41. Qh8+ 1-0

[Event "32. Open Andorra Hotel St.Gothard "]
[Site "Erts-La Massana AND"]
[Date "2014.07.21"]
[Round "3.9"]
[White "Bannink, Bernard"]
[Black "Mikkelsen, Nikolaj"]
[Result "1/2-1/2"]
[WhiteElo "2246"]
[BlackElo "2443"]
[PlyCount "64"]
[EventDate "2014.07.19"]
[EventType "swiss"]
[EventRounds "9"]
[EventCountry "AND"]
[Source "lmi"]
[SourceDate "2014.07.19"]

1. d4 Nf6 2. Bg5 d5 3. Bxf6 exf6 4. e3 Nd7 5. c4 dxc4 6. Bxc4 Nb6 7. Bb3 Bd6 8.
Nc3 Qe7 9. Nge2 O-O 10. O-O Bd7 11. Ng3 c5 12. dxc5 Bxc5 13. Nge4 Bb4 14. a3
Bxc3 15. Nxc3 Rfd8 16. Qe2 Be6 17. Bxe6 fxe6 18. Rfd1 Rac8 19. Rxd8+ Rxd8 20.
h3 Nd5 21. Nxd5 Rxd5 22. Rd1 Qd6 23. Rxd5 Qxd5 24. Qc2 Qd7 25. g3 g6 26. h4 a6
27. Kg2 Kg7 28. e4 Kf7 29. Qc3 b6 30. f3 Ke7 31. e5 fxe5 32. Qxe5 Kf7 1/2-1/2

[Event "32. Open Andorra Hotel St.Gothard "]
[Site "Erts-La Massana AND"]
[Date "2014.07.21"]
[Round "3.10"]
[White "Zumsande, Martin"]
[Black "Sanchez Jerez, Emilio Miguel"]
[Result "1-0"]
[WhiteElo "2430"]
[BlackElo "2237"]
[PlyCount "45"]
[EventDate "2014.07.19"]
[EventType "swiss"]
[EventRounds "9"]
[EventCountry "AND"]
[Source "lmi"]
[SourceDate "2014.07.19"]

1. e4 c5 2. c3 Nc6 3. d4 d5 4. exd5 Qxd5 5. Nf3 Nf6 6. Be3 Bf5 7. Na3 cxd4 8.
Nb5 O-O-O 9. cxd4 e5 10. Be2 Bb4+ 11. Kf1 Ng4 12. Qa4 exd4 13. Rc1 dxe3 14.
Rxc6+ bxc6 15. Qa6+ Kd7 16. Qb7+ Ke6 17. Nc7+ Kd6 18. Nxd5 Rb8 19. Qe7+ Kxd5
20. Qxf7+ Be6 21. Bc4+ Kxc4 22. Qxe6+ Kd3 23. Qf5+ 1-0